| 000 | 00654nam a22001817a 4500 | ||
|---|---|---|---|
| 003 | CEME | ||
| 005 | 20210628210516.0 | ||
| 008 | 210209b xxu||||| |||| 00| 0 eng d | ||
| 020 | _a1-56032-014-1 | ||
| 040 | _c. | ||
| 082 | _a621.406 DYN | ||
| 100 |
_aYang, W. J Kim, J. H _979706 |
||
| 245 | _aDynamics of rotating machinery proceedings of the second international symposium on transport phenomena, dynamics and design of rotating machinery part-ii | ||
| 260 |
_aLONDON _bHEMISHPERE PUBLISHING _c1998 |
||
| 300 | _a570P | ||
| 650 |
_aROTORS-DYNAMICS-CONGRESSES TURBOMACHINES-DYNAMICS-CONGRESSES ROTORS AND BEARINGS SEALS _979707 |
||
| 942 |
_cBK _2ddc |
||
| 999 |
_c584708 _d584708 |
||